000 02135nam2a22002291 4500
001 rc\4734838
005 20250611140745.0
035 _a(NLR Aleph) 008220201
090 _a8151220
_c8151220
100 _a20130416d1962 |||y0rusy50 ca
101 0 _arus
102 _aRU
105 _ay z |||||
200 1 _aКаменноугольная система
_e[Карбон]
_fПод ред. проф. С.В. Семихатовой
_gМ-во геологии и охраны недр СССР. Всесоюз. науч.-исслед. геологоразвед. нефт. ин-т "ВНИГНИ". Трест "Татнефтегазразведка" Совета нар. хозяйства Тат. экон. адм. района
210 _aМосква
_cГостоптехиздат
_d1962
461 0 _1001rc\4734834
_12001#$aСтратиграфические схемы палеозойских отложений$eТруды Совещания по уточнению унифицир. стратигр. схем палеозоя Волго-Уральской нефтегазоносной провинции, состоявшегося в Москве при ВНИГНИ 12-20 февр. 1960 г.$fМ-во геологии и охраны недр СССР. Всесоюз. науч.-исслед. геологоразвед. нефт. ин-т "ВНИГНИ"$v[3]
_98151197
_cМосква
_d1962
_fМ-во геологии и охраны недр СССР. Всесоюз. науч.-исслед. геологоразвед. нефт. ин-т "ВНИГНИ"
_nГостоптехиздат
_oТруды Совещания по уточнению унифицир. стратигр. схем палеозоя Волго-Уральской нефтегазоносной провинции, состоявшегося в Москве при ВНИГНИ 12-20 февр. 1960 г.
_tСтратиграфические схемы палеозойских отложений
_v[3]
702 1 _aСемихатова
_bС.В.
_4340
801 0 _aRU
_bNLR
_gpsbo
801 1 _aRU
_bELAR
_2rusmarc
852 _aNLR
_j62-7/772
942 _cBOOK
980 _aNB